000 00317nam a22001337a 4500
008 171003b xxu||||| |||| 00| 0 eng d
020 _a0801181199
041 _aeng
080 _a15939
100 _a48
101 _aPSI
245 _aFORAGE QULITY EVALUATION AND UTILIZATION
_cWILLIAMS.E.J
942 _2udc
_cBK
999 _c31539
_d31539